00785nam a2200181Ia 4500003000900000005001700009008004100026040003100067040001300098041000800111100002100119245003000140260004500170300001700215300000900232490002100241520034100262IT-RoPAU20220918175933.0120407s9999 xx 000 0 und d aIT-RoPAUc20130626104743.0 cIT-RoPAU aita aCasillo Pasquale aMaria Immacolata e Regina aFrigento (Avellino)bCasa MarianacS.d. a95 p.c18 cm bIll. aEd. non commerc. aIndice Maria Immacolata Cenni storici sulla dottrina dell'Immacolata La dottrina cattolica del'Immacolata Figure bibliche dell'Immacolata Le immagini dell'Immacolata L'Immacolata e i nostri giorni Maria Regina Cenni storici su Maria Regina Pio XII e la regalità di Maria Sviluppo dei fondamenti posti da Pio XII La "Salve Regina"